Normal view
MARC view
- Santillana, Rhazil R.
Entry Personal Name
001 - CONTROL NUMBER
- control field: 2526
003 - CONTROL NUMBER IDENTIFIER
- control field: URS
005 - DATE AND TIME OF LATEST TRANSACTION
- control field: 20220912172419.0
008 - FIXED-LENGTH DATA ELEMENTS
- fixed length control field: 220912|| aca||aabn | a|a d
040 ## - CATALOGING SOURCE
- Original cataloging agency: URS
100 ## - HEADING--PERSONAL NAME
- Personal name: Santillana, Rhazil R.
- Relator term: author


































